| 000 | 00348 a2200133 4500 | ||
|---|---|---|---|
| 001 | 89156 | ||
| 082 | _a923.2 AMI | ||
| 090 |
_c42106 _d42106 |
||
| 100 | _aAmir Hussain, Agha | ||
| 245 |
_aDarwish ; Miraj Khalid aik Nazar main[urdu] _cAgha meer huusain |
||
| 260 |
_aLahore _bclassic _c2005 |
||
| 300 | _a162 p. | ||
| 740 | _hpoliticians biography | ||
| 942 |
_aCAE NUST _k923.2 AMI |
||
| 999 |
_c324229 _d324229 |
||